00265nam a2200109Ia 4500008004100000082001700041100001900058245003100077250000900108260002100117650001700138150201s2009 xx 000 0 und d a616.01bP09C aCHATTERGEE, KD aPARASIOTOLOGY:PROTOZOOLOGY a13TH bCBSaDELHIc2009 aMICROBIOLOGY